Cargando...

The student teacher in the secondary school /

Detalles Bibliográficos
Autor principal: Paul, R Grim
Formato: Printed Book
Publicado: New Jersey: Prentice Hall Inc., 1953.
LEADER 00452nam a22001097a 4500
999 |c 279388  |d 279388 
082 |a 370.733  |b GRI/S;1 
100 |a Paul, R Grim 
245 |a The student teacher in the secondary school /  |c Paul R Grim; in collaboration with Leonard O Andrews 
260 |a New Jersey:  |b Prentice Hall Inc.,  |c 1953. 
942 |c BK 
952 |0 0  |1 0  |4 0  |6 370_733000000000000_GRI_S1  |7 0  |9 297990  |a EDU  |b EDU  |d 2020-03-17  |l 0  |o 370.733 GRI/S;1  |p EDU5259  |r 2020-03-17  |w 2020-03-17  |y BK